01661nam a2200337 4500001000400000003000400004005001700008008004100025020001800066040000800084041001300092082001500105100003500120240002300155245006500178260003600243300001100279490003700290520062900327650002900956650001900985650002401004650001601028655001601044655002001060700003201080830004201112942001501154952014101169999001301310196OSt20250528074014.0250203b |||||||g |||| 00| 1 eng d a9788576874386 bpor hengapor a813bD353e1 aDelinsky, Barbara,d1945-9360 aThe Dreams unfolds aEncantos /cDelinsky, Barbara ; Tradução de Eliane Fraga aRio de JaneirobHarlequinc2007 a279 p.1 aTrilogia da Esperançavvol. 02 aCrosslyn Rise ainda viverá muitos dias de glória. Ao aceitar que a propriedade se transforme em um condomínio com vista para o mar, Jéssica Crosslyn dá o primeiro passo para que suas raízes continuem vivas, e que possam gerar belos frutos. Para a construção, é contratado o empreiteiro Gideon Lowe. Ele é do tipo que, faça chuva ou faça sol, não deixa o serviço atrasar um minuto sequer. E tudo vai bem até a chegada da designer de interiores Christine Gilles ao canteiro de obras. Ela é uma mulher independente, fascinante...e que abala os nervos de Gideon com sua presença perturbadora. 0aLiteratura Americana984 0aChick Lit9363 0aAmor e Paixão925 0aFamilia935 0aRomance923 0aFicção 922 aEliane FragaeTradutor9361 aTrilogia da Esperançavvol. 029362 2ddcn0cBK 00102ddc3vol. 0240708FICaBIBIBbBIBIBcLEd2013-12-19edoaçãol0o813 / D353ep2025-14851r2025-01-31 07:47:58w2025-01-31yBK c196d196